إدارة الجودة الشاملة وستة سيجما / (رقم التسجيلة. 76204)
[ عرض عادي ]
| 000 -الفاتح | |
|---|---|
| حقل البيانات ثابتة الطول | 00727cam a22002051i 4500 |
| 003 - محدد رقم الضبط | |
| رقم الضبط | SA-RiAUC |
| 005 - وقت وتاريخ اخر تعامل مع التسجيلة | |
| رقم الضبط | 20190320185952.0 |
| 008 - عناصر البيانات ثابتة الطول - معلومات عامة | |
| حقل البيانات ثابتة الطول | 150304s2018 ua f 000 0 ara c |
| 020 ## - الرقم الدولى المعيارى للكتب | |
| الرقم الدولى المعيارى للكتاب | 9789778522297 |
| 040 ## - مصدر الفهرسة | |
| وكالة الفهرسة الأصلية | Ma-uN |
| لغة الفهرسة | ara |
| 082 04 - رقم تصنيف ديوى العشرى | |
| رقم التصنيف | 658.562 |
| رقم الطبعة | 21 |
| رقم المادة | س أ إ |
| 100 1# - المدخل الرئيسى - إسم شخصى | |
| الإسم الشخصى | السروي، أحمد |
| 245 12 - بيان العنوان | |
| العنوان | إدارة الجودة الشاملة وستة سيجما / |
| بيان المسئوليه,etc | تأليف أحمد السروي. |
| 264 #1 - النشر, التوزيع, ETC. (IMPRINT) | |
| مكان الناشر او الموزع RDA | القاهرة : |
| اسم الناشر او الموزع RDA | الدولية للكتب العلمية، |
| تاريخ النشر أو التوزيع | 2018 |
| تاريخ النشر هجري | [1439] |
| 300 ## - الوصف المادى | |
| التعداد | 302 ص. ؛ |
| 650 #7 - المدخل الاضافى بالموضوع-مصطلح موضوعى | |
| مصطلح موضوعي أو اسم جغرافي كعنصر مدخل | ستة سيجما (معيار ضبط جودة) |
| 650 #7 - المدخل الاضافى بالموضوع-مصطلح موضوعى | |
| مصطلح موضوعي أو اسم جغرافي كعنصر مدخل | إدارة الجودة الشاملة |
| التقسيم الفرعي العام | معايير |
| 250 ## - بيان الطبعة | |
| بيان الطبعة | ط. 1. |
| 952 ## - LOCATION AND ITEM INFORMATION (KOHA) | |
| نوع المادة فى نظام كوها | كتاب |
| 952 ## - LOCATION AND ITEM INFORMATION (KOHA) | |
| نوع المادة فى نظام كوها | كتاب |
| 952 ## - LOCATION AND ITEM INFORMATION (KOHA) | |
| نوع المادة فى نظام كوها | كتاب |
| 952 ## - LOCATION AND ITEM INFORMATION (KOHA) | |
| نوع المادة فى نظام كوها | كتاب |
| 952 ## - LOCATION AND ITEM INFORMATION (KOHA) | |
| نوع المادة فى نظام كوها | كتاب |
| 952 ## - LOCATION AND ITEM INFORMATION (KOHA) | |
| نوع المادة فى نظام كوها | كتاب |
| 952 ## - LOCATION AND ITEM INFORMATION (KOHA) | |
| نوع المادة فى نظام كوها | كتاب |
| 952 ## - LOCATION AND ITEM INFORMATION (KOHA) | |
| نوع المادة فى نظام كوها | كتاب |
| 952 ## - LOCATION AND ITEM INFORMATION (KOHA) | |
| نوع المادة فى نظام كوها | كتاب |
| 952 ## - LOCATION AND ITEM INFORMATION (KOHA) | |
| نوع المادة فى نظام كوها | كتاب |
| 952 ## - LOCATION AND ITEM INFORMATION (KOHA) | |
| نوع المادة فى نظام كوها | كتاب |
| 952 ## - LOCATION AND ITEM INFORMATION (KOHA) | |
| نوع المادة فى نظام كوها | كتاب |
| 952 ## - LOCATION AND ITEM INFORMATION (KOHA) | |
| نوع المادة فى نظام كوها | كتاب |
| 952 ## - LOCATION AND ITEM INFORMATION (KOHA) | |
| نوع المادة فى نظام كوها | كتاب |
| 952 ## - LOCATION AND ITEM INFORMATION (KOHA) | |
| نوع المادة فى نظام كوها | كتاب |
| 952 ## - LOCATION AND ITEM INFORMATION (KOHA) | |
| نوع المادة فى نظام كوها | كتاب |
| 942 ## - | |
| -- | ddc |
| -- | BOOK |
| حالة الفقد | نموذج السعر الفعال | حالة تلف | ليس للاعارة | تاريخ الاكتساب | رقم الطلب | تاريخ الاكتساب | الموقع الحالي | الباركود | الفرع الرئيسي | Date last seen | مصدر التصنيف او خطة الترفيف | Total Checkouts | Date last checked out |
|---|---|---|---|---|---|---|---|---|---|---|---|---|---|
| 2019-03-20 | 2019-03-20 | 658.562 س أ إ | 2019-03-20 | CL | 00248936 | المكتبة المركزية بالمجمعة (CL) | 2019-03-20 | Dewey Decimal Classification | |||||
| 2019-03-20 | 2019-03-20 | 658.562 س أ إ | 2019-03-20 | CL | 00248937 | المكتبة المركزية بالمجمعة (CL) | 2019-03-20 | Dewey Decimal Classification | |||||
| 2019-03-20 | 2019-03-20 | 658.562 س أ إ | 2019-03-20 | CL | 00248938 | المكتبة المركزية بالمجمعة (CL) | 2019-03-20 | Dewey Decimal Classification | |||||
| 2019-03-20 | 2019-03-20 | 658.562 س أ إ | 2019-03-20 | IC | 00248940 | قسم الاجراءات الفنية (IC) | 2020-09-29 | Dewey Decimal Classification | 1 | 2020-02-04 | |||
| 2019-03-20 | 2019-03-20 | 658.562 س أ إ | 2019-03-20 | IC | 00248941 | قسم الاجراءات الفنية (IC) | 2019-03-20 | Dewey Decimal Classification | |||||
| 2019-03-20 | 2019-03-20 | 658.562 س أ إ | 2019-03-20 | IC | 00248942 | قسم الاجراءات الفنية (IC) | 2019-03-20 | Dewey Decimal Classification | |||||
| 2019-03-20 | 2019-03-20 | 658.562 س أ إ | 2019-03-20 | IC | 00248949 | قسم الاجراءات الفنية (IC) | 2019-03-20 | Dewey Decimal Classification | |||||
| 2019-03-20 | 2019-03-20 | 658.562 س أ إ | 2019-03-20 | IC | 00248950 | قسم الاجراءات الفنية (IC) | 2019-03-20 | Dewey Decimal Classification | |||||
| 2019-03-20 | 2019-03-20 | 658.562 س أ إ | 2019-03-20 | SGF | 00248947 | كلية الشريعة والقانون - طالبات | 2019-03-20 | Dewey Decimal Classification | |||||
| 2019-03-20 | 2019-03-20 | 658.562 س أ إ | 2019-03-20 | SGF | 00248948 | كلية الشريعة والقانون - طالبات | 2019-03-20 | Dewey Decimal Classification | |||||
| 2019-03-20 | 2019-03-20 | 658.562 س أ إ | 2019-03-20 | SRF | 00248945 | مكتبة كلية العلوم و الدراسات الإنسانية برماح - طالبات (SRF) | 2019-03-20 | Dewey Decimal Classification | |||||
| 2019-03-20 | 2019-03-20 | 658.562 س أ إ | 2019-03-20 | SRF | 00248946 | مكتبة كلية العلوم و الدراسات الإنسانية برماح - طالبات (SRF) | 2019-03-20 | Dewey Decimal Classification | |||||
| 2019-03-20 | 2019-03-20 | 658.562 س أ إ | 2019-03-20 | SRM | 00248943 | مكتبة كلية العلوم و الدراسات الإنسانية برماح - طلاب (SRM) | 2019-03-20 | Dewey Decimal Classification | |||||
| 2019-03-20 | 2019-03-20 | 658.562 س أ إ | 2019-03-20 | SRM | 00248944 | مكتبة كلية العلوم و الدراسات الإنسانية برماح - طلاب (SRM) | 2019-03-20 | Dewey Decimal Classification | |||||
| 2019-03-20 | 2019-03-20 | 658.562 س أ إ | 2019-03-20 | SZM | 00248951 | مكتبة مجمع الكليات بالزلفى - طلاب (SZM) | 2019-03-20 | Dewey Decimal Classification | |||||
| 2019-03-20 | 2019-03-20 | 658.562 س أ إ | 2019-03-20 | SZM | 00248952 | مكتبة مجمع الكليات بالزلفى - طلاب (SZM) | 2019-03-20 | Dewey Decimal Classification |
